Pengalaman di terowong lelabah

Bibliographic Details
Format: Book
Published: Kuala Lumpur : Penerbit Tinta , 1997
Series:Siri perspektif sains
Subjects:

MARC

LEADER 00000cam a2200000 7i4500
001 0000073168
005 20170528.0
008 170528
020 |a 9830411338 
090 0 0 |a JF   |b MAL 
245 0 0 |a Pengalaman di terowong lelabah   |c Disusun oleh Azizah Shariff 
260 |a Kuala Lumpur :   |b Penerbit Tinta ,   |c 1997 
300 |a 127pg :   |b .ill 
490 1 |a Siri perspektif sains 
500 |a Children ages 7-9 years old (orange) 
650 0 |a Children's stories, Malay 
650 0 |a Science   |x Fiction 
999 |a 0000462457   |b Book   |c Children Collection   |e Cawangan Pontian 
999 |a 0000462473   |b Book   |c Children Collection   |e Cawangan Pontian 
999 |a 0000770208   |b Book   |c Children Collection   |e Cawangan Bandar Penawar 
999 |a 0000770212   |b Book   |c Children Collection   |e Cawangan Bandar Penawar 
999 |a 0000785451   |b Book   |c Children Collection   |e Cawangan Pontian 
999 |a 0000785452   |b Book   |c Children Collection   |e Cawangan Pontian 
999 |a 0000785453   |b Book   |c Children Collection   |e Cawangan Pontian 
999 |a 0000785454   |b Book   |c Children Collection   |e Cawangan Pontian 
999 |a 0000785455   |b Book   |c Children Collection   |e Cawangan Pontian 
999 |a 0000790952   |b Book   |c Children Collection   |e Cawangan Segamat 
999 |a 0000790953   |b Book   |c Children Collection   |e Cawangan Segamat 
999 |a 0000790954   |b Book   |c Children Collection   |e Cawangan Segamat